Mission Studies.

محفوظ في:

التنسيق: دورية

اللغة: Undetermined

الموضوعات:

الوصول للمادة أونلاين: Login to view Source

الوسوم: إضافة وسم

لا توجد وسوم, كن أول من يضع وسما على هذه التسجيلة!

رقم الطلب:

LEADER 00516nms a2200181Ia 4500
005 20240402055521.0
008 240131s9999||||xx |||||||||||||||||und||
999 |c 56499  |d 56499 
022 |a 0168-9789 
022 |a 1573-3831 
245 0 0 |a Mission Studies. 
336 |2 rdacontent  |a text  |b txt 
337 |2 rdamedia  |a unmediated  |b n 
338 |2 rdacarrier  |a volume  |b n 
500 |a BRILLBRILLJ 
650 4 |a Christian mission & evangelism. 
856 |z MIST  |u https://brill.com/view/journals/mist/mist-overview.xml 
942 |2 lcc  |c EJL